000 00461nam a2200181Ia 4500
005 20250923150236.0
008 008 250917s9999 xx 000 0 eng d
037 _aTextual
040 _aDSWL
_beng
_cDSWL
041 _aeng
_2eng
084 _qDSWL
100 _aDniec, Grace
_9843808
245 0 _aSociology of religion
_cby Grace Dniec
260 _aNew Delhi
_b Sage
_c2008
300 _a569 p.
942 _cTEXL
999 _c1461195
_d1461195